00600nam a2200133 4500001000500000005001700005110010400022245018400126300001400310500002800324650003700352650003600389650004100425178020181127164002.0 a[Forest Extension Division, Department of Forest Services, Royal Government of Bhutan].bcdenp00aCommunity forestry manual for Bhutan, part lI : bCommunity forest management planning /c[Forest Extension Division, Department of Forest Services, Royal Government of Bhutan].h00a89 leaves aBound xerographic copy.00aCommunity forestry -- Bhutan. x00aForest management -- Bhutan. x00aSocial forestry programs --Bhutan.x